000 00528nam a2200181Ia 4500
001 9065
003 GE_BSU
008 181216s||||||||xx |||||||||||||| ||und||
040 _cGE_BSU
245 _aГеография и природные ресурсы.№4. 2013
245 _cГл. ред. В.М.Плюснин. (ред.колл.)
260 _aНовосибирск
260 _bГео
260 _c2013
300 _a196ст:27см.
653 _aГеография и природные ресурсы.
942 _cCR
999 _c42369
_d42369